| 000 | 00823nam a2200277Ia 4500 | ||
|---|---|---|---|
| 001 | Para_664 | ||
| 003 | CHAP | ||
| 008 | 220125s1996 xx 000 0 und d | ||
| 010 | _a199424 | ||
| 040 | _cCHAP | ||
| 090 | _aPA FOLLETO 3396 | ||
| 100 |
_aCarrillo Fonseca, Calixto L. _9164665 |
||
| 245 |
_aNemátodo dorado / _c por Calixto L. Carrillo Fonseca y Juventino Cuevas Ojeda |
||
| 260 |
_aChapingo, Méx. : _b UACh. Departamento Parasitología Agrícola |
||
| 300 | _ahoja desplegable | ||
| 650 |
_aGlodobera rostochiensis _9164666 |
||
| 650 |
_aNematodos _980819 |
||
| 700 |
_aCuevas Ojeda, Juventino _930173 |
||
| 901 | _aPA FOLLETO 3396 | ||
| 902 | _aA | ||
| 905 | _a0000001996 0000000000 00 | ||
| 910 | _a1996 | ||
| 942 | _cPARA | ||
| 942 |
_cPARA _d1 |
||
| 999 |
_c199424 _d199424 |
||